000 00620nam a2200169Ia 4500
008 090711s9999 xx 000 0 und d
082 _b1863
100 _aडांगळे अर्जुन आणि इतर
245 _aउध्वस्त क्षितिज
260 _bग्रंथाली
_c1976
300 _a88
600 _aडांगळे अर्जुन आणि इतर
630 _aउध्वस्त क्षितिज
700 _aडांगळे अर्जुन आणि इतर
730 _aउध्वस्त क्षितिज
942 _cBOOK
999 _c338904
_d338901